000 00792nam a2200241Ia 4500
003 OSt
005 20220923215542.0
006 a|||||r|||| 00| 0
007 ta
008 220922b |||||||| |||| 00| 0 hin d
024 _a179,718
037 _cTextual
040 _aARTS
_cARTS
_bhin
041 _2hin
_ahin
082 _aO152,1J32:g, N1-;1
100 _aत्रिपाठी, विश्वनाथ
245 0 _aलोकवादी तुलसीदास
246 _aLokavādī tulasīdāsa
260 _aनई दिल्ली
_b राधाकृष्ण प्रकाशन
_c1991
300 _a159 पृ.
_ccm.
942 _hO152,1J32:g, N1-;1
_cTEXL
_2CC
999 _c333099
_d333099